000 00488nam a22001337a 4500
005 20241211090741.0
008 240923b ||||| |||| 00| 0 eng d
100 _aVillegas, Christian Edu B.
_eauthor.
_961373
245 _aBenefits of good stress /
_cChristian Edu B. Villegas.
260 _aPhilippines;
_bPublishers Association of the Philippines, Inc.,
_cMarch 2018.
300 _aVolume 66, pages 384-385.
700 _aVillegas, Christian Edu B.
_eauthor.
_961373
942 _2ddc
_cPER
999 _c21755
_d21755